Central Library OPAC University of Rajshahi

Equality / (Record no. 41812)

MARC details
000 -LEADER
fixed length control field 00982nam a2200301 a 4500
001 - CONTROL NUMBER
control field 41812
003 - CONTROL NUMBER IDENTIFIER
rucl marc code BD-RjUL
005 - DATE AND TIME OF LATEST TRANSACTION
control field 20211209053444.0
008 - FIXED-LENGTH DATA ELEMENTS--GENERAL INFORMATION
fixed length control field 160606s1964 enk 001 0 eng d
035 ## - SYSTEM CONTROL NUMBER
System control number MITb10488460
System control number (OCoLC)00852600
System control number GLIS00488460
System control number (OCoLC)08057082
-- (BD-RjUL) 41930
040 ## - CATALOGING SOURCE
Original cataloging agency CIN
Transcribing agency CIN
Modifying agency m/c
-- OCL
-- PLF
-- RCD
-- BD-RjUL
Language of cataloging eng
041 ## - LANGUAGE CODE
Language code of text/sound track or separate title eng
082 ## - DEWEY DECIMAL CLASSIFICATION NUMBER
Edition number 23
Classification number 323.42
Author mark and year TAE 1964
100 1# - MAIN ENTRY--PERSONAL NAME
Personal name Tawney, R. H.
Fuller form of name (Richard Henry),
Dates associated with a name 1880-1962.
9 (RLIN) 128434
245 10 - TITLE STATEMENT
Title Equality /
Statement of responsibility, etc. R.H. Tawney. With a new introd. by Richard M. Titmuss
250 ## - EDITION STATEMENT
Edition statement 4th rev. ed.
260 ## - PUBLICATION, DISTRIBUTION, ETC. (IMPRINT)
Place of publication, distribution, etc. London :
Name of publisher, distributor, etc. Unwin Books,
Date of publication, distribution, etc. c1964
300 ## - PHYSICAL DESCRIPTION
Pagination 255 p. ;
Size 19 cm.
500 ## - GENERAL NOTE
General note Includes index
General note "First published in 1931 ... First published in this ed. in 1964."
504 ## - BIBLIOGRAPHY, ETC. NOTE
Bibliography, etc Bibliographical references included in "Notes" p. [236]-245.
650 #0 - SUBJECT ADDED ENTRY--TOPICAL TERM
Topical term or geographic name as entry element Equality.
9 (RLIN) 128107
700 ## - ADDED ENTRY--PERSONAL NAME
Personal name Titmuss, Richard M.
942 ## - ADDED ENTRY ELEMENTS (KOHA)
Source of classification or shelving scheme Dewey Decimal Classification
Koha item type Books
Holdings
Lost status Source of classification or shelving scheme Damaged status Not for loan Collection code Permanent Location Current Location Shelving location Date acquired Source of acquisition Cost, normal purchase price Total Checkouts Full call number Date last seen Copy number Koha item type
  Dewey Decimal Classification     Non-fiction Central Library, University of Rajshahi Central Library, University of Rajshahi   19/09/1967 Swits & Zillinger 15.00   323.42 TAE 1964 06/06/2016 C-2 Books
  Dewey Decimal Classification   Not For Loan Non-fiction Central Library, University of Rajshahi Central Library, University of Rajshahi Reading Room 10/09/1967 Zeitlinger 7.60   323.42 TAE 1964 06/06/2016 C-1 Books
  Dewey Decimal Classification     Non-fiction Central Library, University of Rajshahi Central Library, University of Rajshahi   10/09/1967 Zeitlinger 7.60   323.42 TAE 1964 06/06/2016 C-3 Books